| 000 | 00398cam a2200169ua 4500 | ||
|---|---|---|---|
| 020 | _c1.75 | ||
| 041 |
_amal _h |
||
| 082 |
_a894.8121 _bRAM/KO |
||
| 100 | _aRamavarma, Vayalar . | ||
| 245 | _aKonthayum poonoolum | ||
| 260 |
_aKottayam : _bSahitya Pravarthaka Co-operative Society , _c1967. |
||
| 300 | _a111 ; . | ||
| 365 | _a1.75 | ||
| 504 | _a | ||
| 942 | _cBK | ||
| 999 |
_c4110 _d4110 |
||